000
00208nam a22000857a 4500
008
170622b xxu||||| |||| 00| 0 eng d
100
_9
3629
_a
Arora. S
245
_a
Information Practices -XII
260
_a
Delhi
_c
2007
999
_c
7020
_d
7020